[Event "Las Americas Team op U2400 Hybrid"]
[Site "Internet"]
[Date "2022.05.14"]
[Round "5.4"]
[White "Ortega Beltran, Ximena"]
[Black "Escobar Villota, Domenika Gabriela"]
[Result "1-0"]
[WhiteElo "1788"]
[BlackElo "1425"]
[PlyCount "97"]
[EventDate "2022.05.14"]
[EventType "team-swiss"]
[EventRounds "5"]
[EventCountry "VEN"]
[SourceTitle "EXT 2023"]
[Source "ChessBase"]
[SourceDate "2022.10.05"]
[SourceVersion "1"]
[SourceVersionDate "2022.10.05"]
[SourceQuality "1"]

1. c4 e5 2. Nc3 Nc6 3. g3 g6 4. Bg2 Bg7 5. Nf3 d6 6. 0-0 Be6 7. b3 h6 8. Bb2 Nge7 9. e4 Qd7 10. Nd5 0-0 11. d4 Bg4 12. dxe5 Bxf3 13. Qxf3 Nxd5 14. cxd5 Nxe5 15. Qe2 f5 16. f4 Ng4 17. Bxg7 Qxg7 18. h3 Qd4+ 19. Kh1 Ne3 20. Rfd1 Nxd1 21. Rxd1 Qc5 22. e5 Rfe8 23. e6 c6 24. g4 fxg4 25. Qxg4 Qc2 26. dxc6 bxc6 27. f5 Qxf5 28. Qxf5 gxf5 29. Bxc6 Rac8 30. Bxe8 Rxe8 31. Rxd6 Re7 32. Kg2 Kg7 33. Kf3 Kf6 34. Kf4 Rxe6 35. Rxe6+ Kxe6 36. h4 a6 37. a3 a5 38. b4 axb4 39. axb4 h5 40. b5 Kd6 41. Kxf5 Kc5 42. Kg5 Kxb5 43. Kxh5 Kc6 44. Kg6 Kd5 45. Kf7 Ke5 46. h5 Ke4 47. h6 Kd5 48. h7 Ke4 49. h8Q 1-0

[Event "Las Americas Team op U2400 Hybrid"]
[Site "Internet"]
[Date "2022.05.14"]
[Round "2.4"]
[White "Ortega Beltran, Ximena"]
[Black "Mejia Moreira, Wilson"]
[Result "1-0"]
[WhiteElo "1788"]
[BlackElo "1943"]
[PlyCount "51"]
[EventDate "2022.05.14"]
[EventType "team-swiss"]
[EventRounds "5"]
[EventCountry "VEN"]
[SourceTitle "EXT 2023"]
[Source "ChessBase"]
[SourceDate "2022.10.05"]
[SourceVersion "1"]
[SourceVersionDate "2022.10.05"]
[SourceQuality "1"]

1. c4 Nf6 2. g3 g6 3. Bg2 Bg7 4. Nc3 0-0 5. e4 d6 6. Nge2 c6 7. 0-0 Nbd7 8. d3 e5 9. b4 a5 10. b5 Nc5 11. a4 Re8 12. h3 h6 13. Be3 Be6 14. Rb1 Qd7 15. Kh2 Nh5 16. d4 exd4 17. Bxd4 Nf6 18. e5 Nh7 19. exd6 Qxd6 20. Bxg7 Qxd1 21. Rfxd1 Kxg7 22. bxc6 Bxc4 23. cxb7 Rab8 24. Nd4 Ba6 25. Ncb5 Nxa4 26. Nc7 1-0

[Event "FIDE World Cup Mexico Qual (Women)"]
[Site "Mexico City"]
[Date "2021.05.28"]
[Round "4"]
[White "Ortega Beltran, Ximena"]
[Black "Mendez Tovar, Jessica Yissel"]
[Result "0-1"]
[WhiteElo "1720"]
[BlackElo "2035"]
[PlyCount "80"]
[EventDate "2021.05.26"]
[EventType "swiss"]
[EventRounds "9"]
[EventCountry "MEX"]
[SourceTitle "CBM 202 Extra"]
[Source "ChessBase"]
[SourceDate "2021.07.31"]
[SourceVersion "1"]
[SourceVersionDate "2021.07.31"]
[SourceQuality "1"]

1. e4 c5 2. Nf3 g6 3. d4 cxd4 4. Nxd4 Bg7 5. c4 Nc6 6. Be3 Nf6 7. Nc3 0-0 8. f3 Qb6 9. Qd2 Nxd4 10. Qxd4 Qxb2 11. Rb1 Qa3 12. Rb3 Qa5 13. e5 Ne8 14. Rb5 Qd8 15. h4 Nd6 16. Rb3 Nf5 17. Qf4 Bh6 18. Qe4 Nxe3 19. g4 f5 20. exf6 Rxf6 21. Be2 Re6 22. Qd3 Ng2+ 23. Kf2 Nf4 24. Qd1 Nxe2 25. Nxe2 Qa5 26. Rb2 Qc5+ 27. Kg2 b6 28. Rf1 Rd6 29. Qb3 Bb7 30. Kg3 Qe5+ 31. Kh3 Rf8 32. Ng3 e6 33. Re2 Qf4 34. c5 Bd5 35. Qa3 bxc5 36. Ne4 Bxe4 37. Rxe4 Qxe4 38. fxe4 Rxf1 39. Qxc5 Rd3+ 40. Kg2 Rc1 0-1

[Event "Wch U16 Girls"]
[Site "Porto Carras"]
[Date "2018.10.27"]
[Round "8"]
[White "Ortega Beltran, Ximena"]
[Black "Sosa Suarez, Carla Cristina"]
[Result "0-1"]
[WhiteElo "1628"]
[BlackElo "2025"]
[PlyCount "100"]
[EventDate "2018.10.20"]
[EventType "swiss"]
[EventRounds "11"]
[EventCountry "GRE"]
[SourceTitle "CBM 187 Extra"]
[Source "ChessBase"]
[SourceDate "2018.11.04"]
[SourceVersion "1"]
[SourceVersionDate "2018.11.04"]
[SourceQuality "1"]

1. c4 e5 2. g3 Nc6 3. Bg2 g6 4. Nc3 Bg7 5. Nf3 d6 6. a3 f5 7. e4 Nf6 8. exf5 Bxf5 9. 0-0 0-0 10. d3 Qd7 11. Qb3 Bxd3 12. c5+ Kh8 13. Rd1 e4 14. Ne1 Nd4 15. Qa4 Ne2+ 16. Kh1 Nxc3 17. Qxd7 Nxd7 18. bxc3 Bxc3 19. Ra2 Nxc5 20. Nxd3 Nxd3 21. Be3 d5 22. Rc2 Be5 23. Bf1 d4 24. Bxd3 exd3 25. Rc5 dxe3 26. Rxe5 exf2 27. Kg2 Rad8 28. Kf1 d2 29. Re2 Rf7 30. Rdxd2 Rxd2 31. Rxd2 Kg7 32. a4 a5 33. Rd5 b6 34. Rb5 Rf5 35. Rb2 Kf6 36. Re2 Re5 37. Rxf2+ Rf5 38. Rxf5+ Kxf5 39. Ke2 Ke4 40. Kd2 Kd4 41. Kc2 Kc4 42. Kb2 Kb4 43. Kb1 Kxa4 44. Ka2 c5 45. h4 c4 46. g4 c3 47. h5 b5 48. hxg6 hxg6 49. g5 b4 50. Kb1 b3 0-1